| Tag |
First Indicator |
Second Indicator |
Subfields |
| LEADER |
00000cam a22000008a 4500 |
| 001 |
in00000028050 |
| 005 |
20151007055946.0 |
| 008 |
870828s1988 ilua b 00000 eng |
| 010 |
|
|
|a 87023575
|
| 020 |
|
|
|a 0809314576
|
| 020 |
|
|
|a 0809314584 (pbk.)
|
| 035 |
|
|
|a (OCoLC)16985939
|
| 035 |
|
|
|9 AAB9739AM
|
| 040 |
|
|
|a DLC
|c DLC
|d TXA
|d UtOrBLW
|
| 049 |
|
|
|a TXAM
|c [A11496847]
|
| 050 |
0 |
0 |
|a LC149
|b .P47 1988
|
| 082 |
0 |
|
|a 428.4
|2 19
|
| 245 |
0 |
0 |
|a Perspectives on literacy /
|c edited by Eugene R. Kintgen, Barry M. Kroll and Mike Rose.
|
| 263 |
|
|
|a 8805
|
| 264 |
|
1 |
|a Carbondale :
|b Southern Illinois University Press,
|c [1988]
|
| 264 |
|
4 |
|c ©1988
|
| 300 |
|
|
|a xix, 475 pages :
|b illustrations
|
| 336 |
|
|
|a text
|b txt
|2 rdacontent
|
| 337 |
|
|
|a unmediated
|b n
|2 rdamedia
|
| 338 |
|
|
|a volume
|b nc
|2 rdacarrier
|
| 504 |
|
|
|a Bibliography: pages 444-475.
|
| 650 |
|
0 |
|a Literacy.
|
| 700 |
1 |
|
|a Kintgen, Eugene R.
|
| 700 |
1 |
|
|a Kroll, Barry M.,
|d 1946-
|
| 700 |
1 |
|
|a Rose, Mike.
|
| 999 |
|
|
|a MARS
|
| 999 |
f |
f |
|s 862edf48-4bb7-3ad5-b3fd-5a2a25a277e9
|i fddcfa66-6bba-3ad4-b2a1-f1819ab68973
|t 0
|
| 952 |
f |
f |
|p normal
|a Texas A&M University
|b College Station
|c Sterling C. Evans Library
|d Evans: Library Stacks
|t 0
|e LC149 .P47 1988
|h Library of Congress classification
|i unmediated -- volume
|m A14811496847
|
| 998 |
f |
f |
|a LC149 .P47 1988
|t 0
|l Evans: Library Stacks
|